[Event "DEM U10 2017"]
[Site "Willingen GER"]
[Date "2017.06.09"]
[Round "9"]
[White "Metzdorf, Matteo"]
[Black "Schwartz, Oliver"]
[Result "1-0"]
[Termination "normal"]
[Board "9"]
[WhiteElo "1466"]
[BlackElo "1517"]
[WhiteClock "00:04:12"]
[BlackClock "00:10:20"]
[PlyCount "107"]
[WhiteFideId "16209869"]
[BlackFideId "16207459"]
[EventCountry "GER"]
[EventRounds "11"]
[EventType "swiss"]
[EventDate "2017.06.03"]

1. e4 {[%clk 1:15:58]} 1... c5 {[%clk 1:15:54]} 2. Nc3 {[%clk 1:16:22]} 2... a6
{[%clk 1:16:20]} 3. g3 {[%clk 1:16:35]} 3... b5 {[%clk 1:16:44]} 4. Bg2 { [%clk
1:16:36]} 4... Bb7 {[%clk 1:17:08]} 5. d3 {[%clk 1:15:54]} 5... e6 { [%clk
1:16:35]} 6. Nge2 {[%clk 1:14:54]} 6... Be7 {[%clk 1:13:21]} 7. O-O { [%clk
1:11:59]} 7... d6 {[%clk 1:09:35]} 8. f4 {[%clk 1:06:24]} 8... d5 { [%clk
1:07:56]} 9. f5 {[%clk 0:56:54]} 9... Nf6 {[%clk 1:03:51]} 10. fxe6 { [%clk
0:49:08]} 10... fxe6 {[%clk 1:04:11]} 11. Nf4 {[%clk 0:49:19]} 11... Qd6 {[%clk
0:54:02]} 12. Re1 {[%clk 0:39:14]} 12... Nbd7 {[%clk 0:53:53]} 13. Qe2 { [%clk
0:37:38]} 13... Ne5 {[%clk 0:51:45]} 14. exd5 {[%clk 0:36:05]} 14... Ng6 {[%clk
0:31:49]} 15. Nxe6 {[%clk 0:28:50]} 15... Kf7 {[%clk 0:24:43]} 16. Nf4 { [%clk
0:23:22]} 16... Rae8 {[%clk 0:20:10]} 17. Nxg6 {[%clk 0:17:32]} 17... hxg6
{[%clk 0:20:13]} 18. Bf4 18... Qd7 {[%clk 0:20:04]} 19. Qe6+ { [%clk 0:17:48]}
19... Kf8 {[%clk 0:19:27]} 20. Qxd7 {[%clk 0:17:38]} 20... Nxd7 {[%clk
0:19:45]} 21. d6 {[%clk 0:17:36]} 21... Bxg2 {[%clk 0:19:11]} 22. dxe7+ {[%clk
0:17:41]} 22... Kf7 {[%clk 0:18:44]} 23. Kxg2 {[%clk 0:17:50]} 23... Rxe7
{[%clk 0:18:48]} 24. Rxe7+ {[%clk 0:17:55]} 24... Kxe7 {[%clk 0:19:13]} 25.
Re1+ {[%clk 0:18:21]} 25... Kf7 {[%clk 0:19:02]} 26. Nd5 {[%clk 0:17:20]} 26...
Nf6 {[%clk 0:18:20]} 27. Nxf6 {[%clk 0:15:06]} 27... gxf6 {[%clk 0:18:35] } 28.
Bd6 {[%clk 0:13:16]} 28... Kg7 {[%clk 0:18:04]} 29. Re7+ {[%clk 0:13:18]} 29...
Kh6 {[%clk 0:18:15]} 30. Bxc5 {[%clk 0:12:13]} 30... Rd8 {[%clk 0:16:41]} 31.
d4 {[%clk 0:11:30]} 31... a5 {[%clk 0:16:10]} 32. Kf2 {[%clk 0:09:50]} 32...
Rd5 {[%clk 0:16:00]} 33. Re4 {[%clk 0:07:44]} 33... f5 {[%clk 0:13:42]} 34. Re5
{[%clk 0:07:41]} 34... Rd8 {[%clk 0:13:32]} 35. Re6 {[%clk 0:06:41]} 35... a4
{[%clk 0:13:21]} 36. Rb6 {[%clk 0:05:44]} 36... Ra8 {[%clk 0:12:22]} 37. Rxb5
{[%clk 0:05:39]} 37... Kg5 {[%clk 0:12:22]} 38. Be7+ {[%clk 0:04:57]} 38... Kh6
{[%clk 0:12:28]} 39. d5 {[%clk 0:01:20]} 39... a3 {[%clk 0:12:07]} 40. Bxa3
{[%clk 0:01:36]} 40... Rd8 {[%clk 0:12:26]} 41. d6 {[%clk 0:01:46]} 41... Kg5
{[%clk 0:11:31]} 42. c4 {[%clk 0:01:36]} 42... Kg4 {[%clk 0:11:26]} 43. c5
{[%clk 0:01:14]} 43... g5 {[%clk 0:10:52]} 44. c6 {[%clk 0:01:03]} 44... f4
{[%clk 0:10:21]} 45. d7 {[%clk 0:00:53]} 45... Rh8 {[%clk 0:10:20]} 46. Rxg5+
{[%clk 0:04:12]} 46... Kxg5 47. d8=Q+ Rxd8 48. Be7+ Kg4 49. Bxd8 Kh3 50. gxf4
Kg4 51. c7 Kh3 52. c8=Q+ Kxh2 53. Qg4 Kh1 54. Qg1# 1-0

[Event "DEM U10 2017"]
[Site "Willingen GER"]
[Date "2017.06.09"]
[Round "9"]
[White "Fuhrmann, Bahne"]
[Black "Reichmann, Felix"]
[Result "1/2-1/2"]
[Termination "normal"]
[Board "10"]
[WhiteElo "1365"]
[BlackElo "1550"]
[WhiteClock "00:57:50"]
[BlackClock "00:54:42"]
[PlyCount "62"]
[WhiteFideId "16244842"]
[BlackFideId "16238290"]
[EventCountry "GER"]
[EventRounds "11"]
[EventType "swiss"]
[EventDate "2017.06.03"]

1. e4 {[%clk 1:15:59]} 1... c5 {[%clk 1:15:52]} 2. Nf3 {[%clk 1:16:24]} 2... g6
{[%clk 1:16:18]} 3. d4 {[%clk 1:16:48]} 3... cxd4 {[%clk 1:16:43]} 4. Qxd4 {
[%clk 1:17:10]} 4... Nf6 {[%clk 1:17:08]} 5. Nc3 {[%clk 1:17:30]} 5... Nc6 {
[%clk 1:17:33]} 6. Qa4 {[%clk 1:17:55]} 6... d6 {[%clk 1:17:27]} 7. e5 { [%clk
1:18:06]} 7... dxe5 {[%clk 1:17:43]} 8. Nxe5 {[%clk 1:18:27]} 8... Bd7 { [%clk
1:18:04]} 9. Nxd7 {[%clk 1:18:52]} 9... Qxd7 {[%clk 1:18:25]} 10. Be3 { [%clk
1:19:04]} 10... Qg4 {[%clk 1:13:02]} 11. Qxg4 {[%clk 1:15:01]} 11... Nxg4
{[%clk 1:13:19]} 12. O-O-O {[%clk 1:14:56]} 12... Nxe3 {[%clk 1:12:40]} 13.
fxe3 {[%clk 1:15:21]} 13... Bh6 {[%clk 1:12:58]} 14. Nd5 {[%clk 1:10:55]} 14...
O-O {[%clk 1:11:25]} 15. Bb5 {[%clk 1:10:11]} 15... Kg7 {[%clk 1:04:40]} 16.
Bxc6 {[%clk 1:08:34]} 16... bxc6 {[%clk 1:04:28]} 17. Nxe7 {[%clk 1:08:54]}
17... Bxe3+ {[%clk 1:04:50]} 18. Kb1 {[%clk 1:09:16]} 18... c5 {[%clk 1:05:12]}
19. Rhe1 {[%clk 1:07:54]} 19... Bf2 {[%clk 1:00:53]} 20. Re2 {[%clk 1:07:06]}
20... Bh4 {[%clk 1:00:19]} 21. g3 {[%clk 1:05:55]} 21... Bf6 {[%clk 1:00:28]}
22. Nd5 {[%clk 1:05:57]} 22... Rfd8 {[%clk 0:58:40]} 23. Ree1 {[%clk 1:05:40]}
23... Rab8 {[%clk 0:57:35]} 24. Nxf6 {[%clk 1:05:39]} 24... Kxf6 { [%clk
0:57:48]} 25. c3 {[%clk 1:04:11]} 25... Rxd1+ {[%clk 0:54:27]} 26. Rxd1 { [%clk
1:04:34]} 26... Rb6 {[%clk 0:54:22]} 27. Rd5 {[%clk 1:02:48]} 27... Rc6 { [%clk
0:54:41]} 28. Kc2 {[%clk 1:02:22]} 28... Ke6 {[%clk 0:54:06]} 29. c4 { [%clk
1:02:34]} 29... a6 {[%clk 0:54:27]} 30. Kc3 {[%clk 1:00:32]} 30... f5 { [%clk
0:54:42]} 31. a3 {[%clk 0:57:50]} 31... Kf6 1/2-1/2

[Event "DEM U10 2017"]
[Site "Willingen GER"]
[Date "2017.06.09"]
[Round "9"]
[White "von Mettenheim, Johannes"]
[Black "Amato, Cristiano"]
[Result "1/2-1/2"]
[Termination "normal"]
[Board "12"]
[WhiteElo "1407"]
[BlackElo "1505"]
[WhiteClock "00:34:52"]
[BlackClock "00:42:36"]
[PlyCount "140"]
[WhiteFideId "16244818"]
[BlackFideId "12998460"]
[EventCountry "GER"]
[EventRounds "11"]
[EventType "swiss"]
[EventDate "2017.06.03"]

1. d4 {[%clk 1:15:59]} 1... Nf6 {[%clk 1:15:53]} 2. c4 {[%clk 1:16:26]} 2... e6
{[%clk 1:15:40]} 3. Nf3 {[%clk 1:16:44]} 3... Nc6 {[%clk 1:16:02]} 4. a3 {
[%clk 1:17:10]} 4... d6 {[%clk 1:16:14]} 5. Bg5 {[%clk 1:17:31]} 5... g6 {
[%clk 1:15:58]} 6. Nc3 {[%clk 1:17:49]} 6... Bg7 {[%clk 1:16:20]} 7. e3 { [%clk
1:18:12]} 7... O-O {[%clk 1:16:10]} 8. Bd3 {[%clk 1:17:52]} 8... d5 { [%clk
1:14:25]} 9. O-O {[%clk 1:15:58]} 9... dxc4 {[%clk 1:12:20]} 10. Bxc4 { [%clk
1:10:30]} 10... Qd7 {[%clk 1:11:28]} 11. Qc2 {[%clk 1:05:37]} 11... Nd5 { [%clk
1:11:29]} 12. Rac1 {[%clk 1:03:15]} 12... h5 {[%clk 1:08:11]} 13. h3 { [%clk
1:00:59]} 13... Nxc3 {[%clk 1:06:22]} 14. Qxc3 {[%clk 1:01:05]} 14... Ne7
{[%clk 1:06:34]} 15. Ne5 {[%clk 1:00:30]} 15... Qe8 {[%clk 1:05:15]} 16. Bf4 {
[%clk 0:55:38]} 16... Bd7 {[%clk 1:04:40]} 17. Qb3 {[%clk 0:53:29]} 17... Bc8 {
[%clk 0:59:10]} 18. Bd3 {[%clk 0:51:22]} 18... c6 {[%clk 0:59:28]} 19. Nc4 {
[%clk 0:51:37]} 19... Qd7 {[%clk 0:57:32]} 20. Rfd1 {[%clk 0:50:32]} 20... Nd5
{[%clk 0:57:21]} 21. Bd6 {[%clk 0:50:22]} 21... b5 {[%clk 0:57:01]} 22. Bxf8 {
[%clk 0:50:26]} 22... bxc4 {[%clk 0:57:14]} 23. Qxc4 {[%clk 0:50:22]} 23...
Bxf8 {[%clk 0:57:16]} 24. Qxc6 {[%clk 0:50:33]} 24... Qxc6 {[%clk 0:57:36]} 25.
Rxc6 {[%clk 0:50:45]} 25... Bb7 {[%clk 0:57:56]} 26. Rc2 {[%clk 0:46:26]} 26...
Rc8 {[%clk 0:58:13]} 27. Rdc1 {[%clk 0:46:42]} 27... Rxc2 {[%clk 0:58:34]} 28.
Rxc2 {[%clk 0:46:59]} 28... Bd6 {[%clk 0:58:21]} 29. Ba6 {[%clk 0:46:30]} 29...
Bxa6 {[%clk 0:58:14]} 30. Rc6 {[%clk 0:46:54]} 30... Bxa3 {[%clk 0:58:09]} 31.
bxa3 {[%clk 0:46:50]} 31... Bb7 {[%clk 0:57:58]} 32. Rc2 {[%clk 0:46:03]} 32...
Kg7 {[%clk 0:56:37]} 33. Kf1 {[%clk 0:46:13]} 33... Kf6 {[%clk 0:56:58]} 34.
Ke1 {[%clk 0:46:07]} 34... Kf5 {[%clk 0:56:53]} 35. Kd2 {[%clk 0:46:14]} 35...
e5 {[%clk 0:56:59]} 36. f3 {[%clk 0:46:13]} 36... Nb6 {[%clk 0:55:46]} 37. Rc7
{[%clk 0:46:07]} 37... Ba6 {[%clk 0:55:19]} 38. Rxf7+ {[%clk 0:46:19]} 38...
Ke6 {[%clk 0:55:40]} 39. Rxa7 {[%clk 0:46:42]} 39... Bc4 {[%clk 0:53:30]} 40.
Kc3 {[%clk 0:44:35]} 40... Bf1 {[%clk 0:52:44]} 41. g3 {[%clk 0:44:20]} 41...
Nd5+ {[%clk 0:53:03]} 42. Kd2 {[%clk 0:44:11]} 42... exd4 {[%clk 0:53:01]} 43.
exd4 {[%clk 0:44:20]} 43... Bxh3 {[%clk 0:53:22]} 44. Ra6+ {[%clk 0:44:27]}
44... Kf7 {[%clk 0:53:26]} 45. Rd6 {[%clk 0:44:27]} 45... Ne7 {[%clk 0:53:27]}
46. a4 {[%clk 0:42:58]} 46... Nf5 {[%clk 0:53:47]} 47. Rb6 {[%clk 0:42:53]}
47... Nxd4 {[%clk 0:53:40]} 48. Ke3 {[%clk 0:43:05]} 48... Nf5+ {[%clk 0:53:45]
} 49. Kf4 {[%clk 0:43:26]} 49... Ne7 {[%clk 0:53:49]} 50. Ke5 {[%clk 0:43:27]}
50... Bd7 {[%clk 0:53:06]} 51. Rb7 {[%clk 0:42:37]} 51... Ke8 {[%clk 0:50:56]}
52. a5 {[%clk 0:41:36]} 52... Bc8 {[%clk 0:50:10]} 53. Rc7 {[%clk 0:41:22]}
53... Kd8 {[%clk 0:50:28]} 54. Rc1 {[%clk 0:41:00]} 54... Bb7 {[%clk 0:49:22]}
55. Rd1+ {[%clk 0:40:29]} 55... Kc8 {[%clk 0:49:07]} 56. Kf6 {[%clk 0:39:05]}
56... Bxf3 {[%clk 0:46:46]} 57. Rd3 {[%clk 0:37:38]} 57... Nd5+ {[%clk 0:46:52]
} 58. Ke5 {[%clk 0:37:29]} 58... Bg2 {[%clk 0:46:24]} 59. Rd2 {[%clk 0:37:01]}
59... Bh1 {[%clk 0:46:21]} 60. Rc2+ {[%clk 0:35:33]} 60... Kb7 {[%clk 0:46:16]}
61. Rc1 {[%clk 0:35:05]} 61... Bg2 {[%clk 0:46:22]} 62. Rg1 {[%clk 0:34:51]}
62... Bf3 {[%clk 0:46:35]} 63. Rf1 {[%clk 0:34:53]} 63... Bg2 {[%clk 0:46:32]}
64. Rf2 {[%clk 0:35:13]} 64... Bh1 {[%clk 0:46:43]} 65. Kd6 {[%clk 0:35:09]}
65... Ka6 {[%clk 0:46:05]} 66. Kc5 {[%clk 0:35:21]} 66... Be4 {[%clk 0:43:19]}
67. Kd4 {[%clk 0:35:32]} 67... Bh1 {[%clk 0:43:29]} 68. Rf1 {[%clk 0:34:33]}
68... Bg2 {[%clk 0:43:48]} 69. Ra1 {[%clk 0:34:39]} 69... Nb4 {[%clk 0:42:38]}
70. Kc5 {[%clk 0:34:52]} 70... Nd3+ {[%clk 0:42:36]} 1/2-1/2

[Event "DEM U10 2017"]
[Site "Willingen GER"]
[Date "2017.06.09"]
[Round "9"]
[White "Zweigait, Leon"]
[Black "Fuchs, Thomas"]
[Result "0-1"]
[Termination "normal"]
[Board "13"]
[WhiteElo "1442"]
[BlackElo "1366"]
[PlyCount "78"]
[WhiteFideId "16201388"]
[BlackFideId "16230574"]
[EventCountry "GER"]
[EventRounds "11"]
[EventType "swiss"]
[EventDate "2017.06.03"]

1. e4 c5 2. f4 d6 3. Nf3 Nc6 4. Nc3 g6 5. b3 Bg7 6. Bb2 Nf6 7. Rb1 Bd7 8. Bc4
O-O 9. O-O a6 10. a4 Nd4 11. h3 b5 12. axb5 axb5 13. Bd5 Ra5 14. b4 Nxf3+ 15.
Qxf3 cxb4 16. Na2 Nxd5 17. Bxg7 Kxg7 18. Nxb4 Nxb4 19. Rxb4 Qb6+ 20. Kh1 Rc8
21. c3 Ra4 22. Rb3 Bc6 23. d3 f5 24. Re1 Rca8 25. Rbb1 Qa5 26. Qe3 fxe4 27.
dxe4 Rxe4 28. Qg3 Rxe1+ 29. Rxe1 Ra7 30. f5 b4 31. Qg5 Qxf5 32. Rxe7+ Rxe7 33.
Qxe7+ Kh6 34. Qh4+ Kg7 35. Qd4+ Qf6 36. Qa7+ Kh6 37. Qe3+ Qg5 38. Qf2 Qxg2+ 39.
Qxg2 Bxg2+ 0-1

[Event "DEM U10 2017"]
[Site "Willingen GER"]
[Date "2017.06.09"]
[Round "9"]
[White "Ehrig, Leon Chris"]
[Black "Krüger, Arthur"]
[Result "0-1"]
[Termination "normal"]
[Board "14"]
[WhiteElo "1484"]
[BlackElo "1116"]
[PlyCount "54"]
[WhiteFideId "16244796"]
[BlackFideId "16244966"]
[EventCountry "GER"]
[EventRounds "11"]
[EventType "swiss"]
[EventDate "2017.06.03"]

1. e4 e5 2. Nf3 Nc6 3. Bc4 Bc5 4. d3 Nf6 5. c3 a6 6. O-O d6 7. h3 Bd7 8. Re1
Ba7 9. Nbd2 Na5 10. Bb3 Nxb3 11. axb3 O-O 12. Nf1 h6 13. Ng3 c6 14. Nh4 Be6 15.
Nhf5 Qb6 16. Be3 Qxb3 17. Qf3 Ne8 18. Qg4 Bxe3 19. fxe3 Kh7 20. Qf3 Qxb2 21.
Qh5 Qxc3 22. d4 exd4 23. exd4 c5 24. d5 Bd7 25. Rac1 Qe5 26. Qf3 a5 27. Ra1 b5
0-1

[Event "DEM U10 2017"]
[Site "Willingen GER"]
[Date "2017.06.09"]
[Round "9"]
[White "Grabs, Peter"]
[Black "Bolz, Jannis"]
[Result "1-0"]
[Termination "normal"]
[Board "16"]
[WhiteElo "1281"]
[BlackElo "1333"]
[PlyCount "99"]
[WhiteFideId "16203887"]
[BlackFideId "16214897"]
[EventCountry "GER"]
[EventRounds "11"]
[EventType "swiss"]
[EventDate "2017.06.03"]

1. e4 e5 2. Nf3 Nc6 3. Bc4 Bc5 4. Nc3 Nf6 5. d3 h6 6. a3 a5 7. h3 O-O 8. O-O d6
9. Be3 Bxe3 10. fxe3 Be6 11. Nd5 Bxd5 12. Bxd5 Nxd5 13. exd5 Ne7 14. e4 Ng6 15.
d4 Qe7 16. dxe5 Nxe5 17. Nd4 Nc4 18. Qe2 Nb6 19. Qg4 Qg5 20. Qxg5 hxg5 21. Rf5
Rfe8 22. Re1 Re5 23. Rxe5 dxe5 24. Nf3 f6 25. b3 a4 26. b4 Nc4 27. Ra1 Rd8 28.
g4 c6 29. dxc6 bxc6 30. Kf2 Kf7 31. Ke2 Ke7 32. c3 Kf7 33. Ra2 Ke6 34. Nd2 Nxd2
35. Rxd2 Rh8 36. Rd3 Ke7 37. c4 Rb8 38. c5 g6 39. Rd6 Rc8 40. Ke3 Kf8 41. Rxf6+
Kg7 42. Rd6 Rh8 43. Rxc6 Rxh3+ 44. Kf2 Rxa3 45. Ra6 Ra2+ 46. Ke3 a3 47. b5 Ra1
48. b6 a2 49. Kd2 Rg1 50. c6 1-0

[Event "DEM U10 2017"]
[Site "Willingen GER"]
[Date "2017.06.09"]
[Round "9"]
[White "Strehse, Nelson"]
[Black "Phan Trong, Dai"]
[Result "1-0"]
[Termination "normal"]
[Board "17"]
[WhiteElo "1042"]
[BlackElo "1392"]
[PlyCount "103"]
[WhiteFideId "16228898"]
[BlackFideId "16236939"]
[EventCountry "GER"]
[EventRounds "11"]
[EventType "swiss"]
[EventDate "2017.06.03"]

1. e4 e5 2. Nf3 Nc6 3. Bc4 Bc5 4. c3 Nf6 5. d4 exd4 6. cxd4 Bb4+ 7. Nc3 Nxe4 8.
O-O Bxc3 9. d5 Bf6 10. Re1 Ne7 11. Rxe4 d6 12. Bg5 Bxg5 13. Nxg5 h6 14. Qe2
hxg5 15. Re1 Be6 16. dxe6 f6 17. Qd2 c6 18. Bd3 Qc7 19. Qc2 d5 20. R4e3 O-O-O
21. Rg3 Rh6 22. h3 Rdh8 23. Rd1 Rd8 24. Qc5 Kb8 25. Rc1 Qd6 26. Qxd6+ Rxd6 27.
Re1 Rh4 28. Rg4 Rxg4 29. hxg4 Kc7 30. g3 Kd8 31. Kg2 Ke8 32. f4 gxf4 33. gxf4
g6 34. Kg3 Kf8 35. f5 g5 36. Rc1 b6 37. b4 d4 38. Kf3 Rd5 39. a3 Rd6 40. Ke4 b5
41. Kf3 Nd5 42. Be4 Ne7 43. Ke2 Ke8 44. Bg2 Kd8 45. Rd1 Nd5 46. Bxd5 Rxd5 47.
Kf3 Ke7 48. Rd3 Rd8 49. Ke4 Rd5 50. Rh3 Kd6 51. Rh7 a6 52. Rd7# 1-0

[Event "DEM U10 2017"]
[Site "Willingen GER"]
[Date "2017.06.09"]
[Round "9"]
[White "Stork, Christopher"]
[Black "Cromm, Mika"]
[Result "1-0"]
[Termination "normal"]
[Board "18"]
[WhiteElo "1630"]
[BlackElo "1175"]
[PlyCount "79"]
[WhiteFideId "16215400"]
[BlackFideId "16244915"]
[EventCountry "GER"]
[EventRounds "11"]
[EventType "swiss"]
[EventDate "2017.06.03"]

1. e4 e5 2. Nf3 Nc6 3. d4 exd4 4. Nxd4 Bc5 5. Be3 Qf6 6. c3 Nge7 7. Bc4 O-O 8.
O-O Bb6 9. f3 d6 10. Na3 Be6 11. Bxe6 fxe6 12. Nac2 e5 13. Nb5 Bxe3+ 14. Nxe3
Rfd8 15. Nd5 Nxd5 16. exd5 Ne7 17. c4 a6 18. Nc3 Nf5 19. Ne4 Qg6 20. Qd2 h6 21.
Rae1 Rf8 22. c5 Nd4 23. f4 Rae8 24. h3 Rf5 25. g4 Rff8 26. f5 Qf7 27. Qg2 Qe7
28. cxd6 cxd6 29. Rf2 g5 30. Ref1 Qc7 31. f6 Rf7 32. h4 gxh4 33. g5 Kh8 34. g6
Nb5 35. gxf7 Qxf7 36. Qg7+ Qxg7+ 37. fxg7+ Kxg7 38. Rg2+ Kh8 39. Rf7 b6 40. Nf6
1-0

[Event "DEM U10 2017"]
[Site "Willingen GER"]
[Date "2017.06.09"]
[Round "9"]
[White "Petzke, Julian"]
[Black "Fathke, Luke"]
[Result "0-1"]
[Termination "normal"]
[Board "19"]
[WhiteElo "1279"]
[BlackElo "1327"]
[PlyCount "54"]
[WhiteFideId "16244885"]
[BlackFideId "16230230"]
[EventCountry "GER"]
[EventRounds "11"]
[EventType "swiss"]
[EventDate "2017.06.03"]

1. e4 e5 2. Nf3 Nc6 3. Bc4 Bc5 4. c3 Nf6 5. d3 a6 6. b4 Ba7 7. Bg5 h6 8. Be3
Bxe3 9. fxe3 d6 10. O-O g5 11. Qb3 Qe7 12. Nfd2 Nd8 13. Na3 b5 14. Nxb5 axb5
15. Bxb5+ c6 16. Bc4 Be6 17. Bxe6 Nxe6 18. a4 O-O 19. a5 Kg7 20. Ra2 Qa7 21.
Rf3 Nc7 22. c4 Rfb8 23. Nb1 Qb7 24. Ra4 Na6 25. Rf2 Nc5 26. Qc2 Nxa4 27. Qxa4
Qxb4 0-1

[Event "DEM U10 2017"]
[Site "Willingen GER"]
[Date "2017.06.09"]
[Round "9"]
[White "Willsch, Justin"]
[Black "Kageler, Anton Paul"]
[Result "1/2-1/2"]
[Termination "normal"]
[Board "20"]
[WhiteElo "1221"]
[BlackElo "1341"]
[PlyCount "104"]
[WhiteFideId "16229762"]
[BlackFideId "16244850"]
[EventCountry "GER"]
[EventRounds "11"]
[EventType "swiss"]
[EventDate "2017.06.03"]

1. d4 Nf6 2. Bf4 c5 3. e3 Nc6 4. Nf3 d6 5. c3 cxd4 6. exd4 Bg4 7. Be2 e6 8.
Nbd2 Be7 9. O-O O-O 10. h3 Bh5 11. Qb3 Qc7 12. Bd3 Na5 13. Qc2 Bxf3 14. Nxf3
Nc4 15. Bxc4 Qxc4 16. Rfe1 Rac8 17. Nd2 Qc6 18. Ne4 Nd5 19. Bg3 b5 20. a3 a5
21. Qe2 b4 22. axb4 axb4 23. Rec1 bxc3 24. bxc3 Bf6 25. Nxf6+ Nxf6 26. Qd3 Qe4
27. Qd2 Rc6 28. f3 Qg6 29. Be1 Rfc8 30. Ra2 Nd5 31. Rb2 h6 32. Kf1 Rxc3 33.
Rxc3 Rxc3 34. Qe2 Qd3 35. Bxc3 Qxe2+ 36. Kxe2 Nxc3+ 37. Kd3 Nd5 38. g3 Kf8 39.
Rb7 Nf6 40. g4 Nd5 41. Rd7 Nf4+ 42. Ke3 Nd5+ 43. Kf2 Nf4 44. Rxd6 Nxh3+ 45. Kg3
Ng5 46. d5 exd5 47. Rxd5 Ke7 48. Ra5 Kf6 49. Ra6+ Ke7 50. Ra7+ Ke6 51. Ra6+ Ke7
52. Ra7+ Ke6 1/2-1/2

[Event "DEM U10 2017"]
[Site "Willingen GER"]
[Date "2017.06.09"]
[Round "9"]
[White "Neuwirth, Mark"]
[Black "Laucht, Philipp"]
[Result "0-1"]
[Termination "normal"]
[Board "21"]
[WhiteElo "1123"]
[BlackElo "1316"]
[PlyCount "135"]
[WhiteFideId "16244958"]
[BlackFideId "16244869"]
[EventCountry "GER"]
[EventRounds "11"]
[EventType "swiss"]
[EventDate "2017.06.03"]

1. e4 c5 2. Nf3 d6 3. Bc4 Nf6 4. Qe2 g6 5. c3 Bg7 6. d4 cxd4 7. cxd4 Nc6 8. O-O
O-O 9. Rd1 d5 10. exd5 Nxd5 11. Nc3 Nxc3 12. bxc3 Qc7 13. Ng5 e6 14. Bb3 h6 15.
Nf3 Bd7 16. Be3 Rac8 17. Qd2 Kh7 18. Rac1 f5 19. Qd3 e5 20. dxe5 Rcd8 21. Qd6
Qxd6 22. exd6 b6 23. h3 f4 24. Bd4 Nxd4 25. Nxd4 Rf6 26. Ne2 f3 27. Ng3 fxg2
28. Kxg2 Bc6+ 29. Kg1 Rfxd6 30. Rxd6 Rxd6 31. c4 Bd4 32. Rd1 Bc5 33. Rxd6 Bxd6
34. Kf1 Kg7 35. Ke2 Be7 36. Kf1 Kf6 37. Bc2 g5 38. Ne4+ Ke5 39. f3 Kd4 40. Nd2
Kc3 41. Be4 Bxe4 42. Nxe4+ Kxc4 43. Nd2+ Kc3 44. Ne4+ Kb4 45. Nf2 Ka3 46. Ke2
Kxa2 47. Kd3 b5 48. Ng4 b4 49. Nxh6 b3 50. Nf5 b2 51. Nxe7 b1=Q+ 52. Ke2 Qb5+
53. Kd1 Qd7+ 54. Ke2 Qxe7+ 55. Kf2 Kb2 56. Kg3 Qe5+ 57. Kg4 Qf4+ 58. Kh5 Qxf3+
59. Kxg5 Qxh3 60. Kf4 Kc3 61. Ke4 Qd3+ 62. Kf4 Kd4 63. Kg4 Qf1 64. Kg5 Ke5 65.
Kg4 Qf4+ 66. Kh5 Qg3 67. Kh6 Kf6 68. Kh7 0-1

[Event "DEM U10 2017"]
[Site "Willingen GER"]
[Date "2017.06.09"]
[Round "9"]
[White "Bock, Marlon"]
[Black "Tran Minh, Hieu"]
[Result "1-0"]
[Termination "normal"]
[Board "22"]
[WhiteElo "1148"]
[BlackElo "1315"]
[PlyCount "89"]
[WhiteFideId "16244931"]
[BlackFideId "16244877"]
[EventCountry "GER"]
[EventRounds "11"]
[EventType "swiss"]
[EventDate "2017.06.03"]

1. d4 c5 2. e3 cxd4 3. exd4 d5 4. Nf3 Nc6 5. Bd3 g6 6. Bf4 Bg7 7. O-O Nxd4 8.
Nbd2 Nxf3+ 9. Nxf3 Bg4 10. Rb1 a6 11. h3 Bxf3 12. Qxf3 e6 13. Rfe1 Qf6 14. c3
Ne7 15. Re2 Nc6 16. Qg3 O-O 17. Bg5 Qe5 18. Rxe5 Nxe5 19. Re1 Nc6 20. Qf4 f6
21. Bh6 g5 22. Qe3 Bxh6 23. Qxe6+ Kh8 24. Qxd5 Rad8 25. Qe4 f5 26. Qf3 Bg7 27.
Bxa6 g4 28. hxg4 fxg4 29. Qe4 Ne5 30. Bb5 b6 31. f4 Ng6 32. g3 Kg8 33. Qe6+ Kh8
34. Qxg4 Rd6 35. Rf1 Rdf6 36. Rf2 Ne5 37. Qe2 Ng6 38. Rh2 Rd8 39. Bc4 Rfd6 40.
Bb3 R8d7 41. f5 Nf8 42. g4 Rh6 43. Rxh6 Bxh6 44. Qe5+ Bg7 45. f6 1-0

[Event "DEM U10 2017"]
[Site "Willingen GER"]
[Date "2017.06.09"]
[Round "9"]
[White "Sommer, Justus"]
[Black "Müller, Maximilian"]
[Result "0-1"]
[Termination "normal"]
[Board "23"]
[WhiteElo "1081"]
[BlackElo "1234"]
[PlyCount "52"]
[WhiteFideId "16245008"]
[BlackFideId "16243552"]
[EventCountry "GER"]
[EventRounds "11"]
[EventType "swiss"]
[EventDate "2017.06.03"]

1. e4 e6 2. d4 d5 3. exd5 exd5 4. c4 Nf6 5. Nc3 Bb4 6. a3 Bxc3+ 7. bxc3 O-O 8.
Nf3 Re8+ 9. Be3 c6 10. Bd3 dxc4 11. Bxc4 Ng4 12. Qd2 Qe7 13. O-O Nxe3 14. Rfe1
Bd7 15. Rxe3 Qf6 16. Rxe8+ Bxe8 17. Re1 Nd7 18. Qe3 b5 19. Bb3 Nf8 20. Ne5 Ng6
21. Nxg6 hxg6 22. h3 Bd7 23. Qe7 Re8 24. Qxd7 Rxe1+ 25. Kh2 Qf4+ 26. g3 Qxf2#
0-1

[Event "DEM U10 2017"]
[Site "Willingen GER"]
[Date "2017.06.09"]
[Round "9"]
[White "Brandstrup, Luca Alexander"]
[Black "Meusel, Johannes"]
[Result "0-1"]
[Termination "normal"]
[Board "24"]
[WhiteElo "1083"]
[BlackElo "1212"]
[PlyCount "60"]
[WhiteFideId "16244990"]
[BlackFideId "16244893"]
[EventCountry "GER"]
[EventRounds "11"]
[EventType "swiss"]
[EventDate "2017.06.03"]

1. e4 e5 2. Nf3 Nc6 3. d4 exd4 4. Nxd4 Nf6 5. Nc3 Bb4 6. Nxc6 bxc6 7. Bd3 d5 8.
exd5 cxd5 9. O-O O-O 10. Bg5 c6 11. Qf3 Be7 12. Rfe1 Qc7 13. Re2 Bg4 14. Rxe7
Qd6 15. Qg3 Qxe7 16. Bxf6 Qxf6 17. Qxg4 Rab8 18. Qh5 g6 19. Qh3 Rxb2 20. Be2
Rxc2 21. Qd3 Qxc3 22. Qxc3 Rxc3 23. Kf1 Re8 24. Rb1 Rc2 25. Bd3 Rxa2 26. Rc1 c5
27. Kg1 c4 28. Bc2 Rxc2 29. Rf1 d4 30. h3 Rce2 0-1

[Event "DEM U10 2017"]
[Site "Willingen GER"]
[Date "2017.06.09"]
[Round "9"]
[White "Wessel, Daniel"]
[Black "Friedhoff, Mirco"]
[Result "1-0"]
[Termination "normal"]
[Board "25"]
[WhiteElo "1098"]
[BlackElo "1095"]
[PlyCount "85"]
[WhiteFideId "16244982"]
[BlackFideId "16243447"]
[EventCountry "GER"]
[EventRounds "11"]
[EventType "swiss"]
[EventDate "2017.06.03"]

1. e4 e5 2. Nf3 Nf6 3. Nxe5 Qe7 4. Nf3 Nxe4 5. Qe2 Nf6 6. Qxe7+ Bxe7 7. g3 O-O
8. Bg2 Re8 9. O-O Bc5 10. d3 d6 11. Bg5 Bg4 12. Bxf6 gxf6 13. Nfd2 Nc6 14. Ne4
Nd4 15. Nxf6+ Kg7 16. Nxe8+ Rxe8 17. Nc3 Nxc2 18. Rac1 Nd4 19. h3 Be2 20. Rfe1
Bb4 21. a3 Ba5 22. b4 Bb6 23. a4 a5 24. Nd5 axb4 25. Nxb6 cxb6 26. Rc4 Nc6 27.
Bxc6 bxc6 28. Rc2 Bxd3 29. Rxe8 Bxc2 30. Rb8 b3 31. Rxb6 d5 32. a5 d4 33. Kf1
d3 34. Ke1 c5 35. a6 c4 36. Kd2 f6 37. a7 Kg6 38. a8=Q Kf5 39. Qd5+ Kg6 40. Rb7
c3+ 41. Kxc3 d2 42. g4 d1=Q 43. Qh5# 1-0